judicial

Proceso de ejecucion de sentencias (Registro nro. 6531)

Detalles MARC
000 -LEADER
fixed length control field 01178nam a22004217a 4500
003 - CONTROL NUMBER IDENTIFIER
control field OSt
005 - DATE AND TIME OF LATEST TRANSACTION
control field 20260504103539.0
007 - PHYSICAL DESCRIPTION FIXED FIELD--GENERAL INFORMATION
fixed length control field ta
008 - FIXED-LENGTH DATA ELEMENTS--GENERAL INFORMATION
fixed length control field 260504s2025 ag ||||| |||| 00| 0 spa d
020 ## - INTERNATIONAL STANDARD BOOK NUMBER
International Standard Book Number 9789877065633
040 ## - CATALOGING SOURCE
Transcribing agency cj catamarca
082 ## - DEWEY DECIMAL CLASSIFICATION NUMBER
Classification number 347.952 F368
100 10 - MAIN ENTRY--PERSONAL NAME
9 (RLIN) 318
Personal name Ferrairone, Christian H.
245 10 - TITLE STATEMENT
Title Proceso de ejecucion de sentencias
250 ## - EDITION STATEMENT
Edition statement 1º ed.
260 ## - PUBLICATION, DISTRIBUTION, ETC.
Place of publication, distribution, etc. Buenos Aires:
Name of publisher, distributor, etc. Astrea
Date of publication, distribution, etc. 2025
300 ## - PHYSICAL DESCRIPTION
Extent 320 p.
Dimensions 23 cm
490 ## - SERIES STATEMENT
Series statement Proceso en accion
500 ## - GENERAL NOTE
General note INVENTARIO Nº 8160
650 #7 - SUBJECT ADDED ENTRY--TOPICAL TERM
Source of heading or term SAIJ
653 ## - INDEX TERM--UNCONTROLLED
Uncontrolled term DERECHO PROCESAL CIVIL
653 ## - INDEX TERM--UNCONTROLLED
Uncontrolled term EJECUCION DE SENTENCIA
653 ## - INDEX TERM--UNCONTROLLED
Uncontrolled term FUNCION JURISDICCIONAL
653 ## - INDEX TERM--UNCONTROLLED
Uncontrolled term TITULO EJECUTORIO
653 ## - INDEX TERM--UNCONTROLLED
Uncontrolled term LIQUIDACION
653 ## - INDEX TERM--UNCONTROLLED
Uncontrolled term EMBARGO
653 ## - INDEX TERM--UNCONTROLLED
Uncontrolled term RECURSOS
653 ## - INDEX TERM--UNCONTROLLED
Uncontrolled term RECHAZO IN LIMINE
653 ## - INDEX TERM--UNCONTROLLED
Uncontrolled term EXCEPCIONES
653 ## - INDEX TERM--UNCONTROLLED
Uncontrolled term REPOSICION IN EXTREMIS
653 ## - INDEX TERM--UNCONTROLLED
Uncontrolled term ACLARATORIA
653 ## - INDEX TERM--UNCONTROLLED
Uncontrolled term QUEJA
653 ## - INDEX TERM--UNCONTROLLED
Uncontrolled term EXTRAORDINARIO
653 ## - INDEX TERM--UNCONTROLLED
Uncontrolled term EJECUCION DE SENTENCIA CONTRA EL ESTADO
653 ## - INDEX TERM--UNCONTROLLED
Uncontrolled term EJECUCION-SENTECIA EXTRANJERA
856 ## - ELECTRONIC LOCATION AND ACCESS
Uniform Resource Identifier <a href="https://drive.google.com/file/d/11pXRtCYKRFcwxCi8OdZMqBza3N064Zo_/view?usp=sharing">https://drive.google.com/file/d/11pXRtCYKRFcwxCi8OdZMqBza3N064Zo_/view?usp=sharing</a>
942 ## - ADDED ENTRY ELEMENTS (KOHA)
Source of classification or shelving scheme Dewey Decimal Classification
Koha item type Book
Suppress in OPAC No
Existencias
Withdrawn status Lost status Source of classification or shelving scheme Damaged status Not for loan Home library Current library Date acquired Source of acquisition Total Checkouts Full call number Barcode Date last seen Price effective from Koha item type
    Dewey Decimal Classification     PJCB PJCB 05/04/2026 Compra   347.952 F368 8160 05/04/2026 05/04/2026 Book
-->
  •  poder judicial

    Con tecnología Koha